| 000 | 00654pam a2200229 a 4500 | ||
|---|---|---|---|
| 001 | 3315755 | ||
| 005 | 20180301043553.0 | ||
| 008 | 840123s1984 nju b 001 0 eng | ||
| 010 | _a 84042576 | ||
| 020 |
_a0691076766 (alk. paper) : _c$35.00 |
||
| 020 |
_a0691022283 (pbk.) : _c$8.95 |
||
| 040 |
_aDLC _cDLC _dDLC |
||
| 041 | _aeng | ||
| 080 | _a337 KEO | ||
| 082 | 0 | 0 |
_a337 KEO _219 |
| 100 | 1 | _a20 | |
| 101 | _aPOL | ||
| 245 | 1 | 0 |
_aAfter hegemony : _cRobert O. Keohane. |
| 504 | _aBibliography: p. 260-279. | ||
| 906 |
_a7 _bcbc _corignew _d1 _eocip _f19 _gy-gencatlg |
||
| 942 |
_2ddc _cBK |
||
| 999 |
_c43798 _d43798 |
||